Influence of SF6 admixtures on the efficiency of a xenon infrared laser; Soviet Journal of Quantum Electronics; Vol. 17, № 2

Dades bibliogràfiques
Parent link:Soviet Journal of Quantum Electronics
Vol. 17, № 2.— 1987.— P. 269-270
Altres autors: Derzhiev V. I., Koval' N. N., Mesyats G. A. Gennady Andreyevich, Prokhorov A. M., Skakun V. S., Tarasenko V. F., Tolkachev V. S., Fomin E. A., Yakovlenko S. I.
Sumari:В фонде НТБ ТПУ отсутствует
Idioma:anglès
Publicat: 1987
Matèries:
Format: MixedMaterials Capítol de llibre
KOHA link:https://koha.lib.tpu.ru/cgi-bin/koha/opac-detail.pl?biblionumber=596627

MARC

LEADER 00000naa0a2200000 4500
001 596627
005 20250121131505.0
035 |a (RuTPU)RU\TPU\tpu\19607 
090 |a 596627 
100 |a 20110729d1987 k||y0rusy50 ba 
101 1 |a eng 
102 |a RU 
200 1 |a Influence of SF6 admixtures on the efficiency of a xenon infrared laser  |f V. I. Derzhiev [et al.] 
333 |a В фонде НТБ ТПУ отсутствует 
461 |t Soviet Journal of Quantum Electronics 
463 |t Vol. 17, № 2  |v P. 269-270  |d 1987 
610 1 |a труды учёных ТПУ 
701 1 |a Derzhiev  |b V. I. 
701 1 |a Koval'  |b N. N. 
701 1 |a Mesyats  |b G. A.  |c russian physicist  |c academican, vice-president of RAS  |c graduate of Tomsk Polytechnic Institute  |f 1936-  |g Gennady Andreyevich  |3 (RuTPU)RU\TPU\pers\28088  |4 070 
701 1 |a Prokhorov  |b A. M. 
701 1 |a Skakun  |b V. S. 
701 1 |a Tarasenko  |b V. F. 
701 1 |a Tolkachev  |b V. S. 
701 1 |a Fomin  |b E. A. 
701 1 |a Yakovlenko  |b S. I. 
801 1 |a RU  |b 63413507  |c 20110729 
801 2 |a RU  |b 63413507  |c 20110823  |g RCR 
942 |c CR